LEADER 01087nam0-22003731i-450- 001 990000702390403321 005 20160405124435.0 010 $a88-220-4129-1 035 $a000070239 035 $aFED01000070239 035 $a(Aleph)000070239FED01 035 $a000070239 100 $a20020821d1985----km-y0itay50------ba 101 0 $aita 102 $aIT 105 $aa---b---001yy 200 1 $aPierluigi Spadolini.$aarchitettura e sistema$fScritti di Giovanni Klaus Koenig ... [et al.] 210 $aBari$cDedalo$d1985 215 $a95 p.$cill.$d29 cm 300 $aTesto in italiano e inglese 300 $aCatalogo della mostra tenutasi a Agliana (Pistoia) nel 1985 676 $a724.9 700 1$aSpadolini,$bPierluigi$010434 702 1$aKoenig,$bGiovanni Klaus 801 0$aIT$bUNINA$gRICA$2UNIMARC 901 $aBK 912 $a990000702390403321 952 $aMON C 166$b14268$fFARBC 952 $a543067$fDCATA 959 $aFARBC 959 $aDCATA 996 $aArchitettura e sistema$91496690 996 $aPierluigi Spadolini$9718171 997 $aUNINA LEADER 01694nam 2200541Ia 450 001 9910455510703321 005 20200520144314.0 010 $a0-8144-2806-1 010 $a0-8144-2784-7 035 $a(CKB)111087027963252 035 $a(OCoLC)70720388 035 $a(CaPaEBR)ebrary10052850 035 $a(SSID)ssj0000238885 035 $a(PQKBManifestationID)11199899 035 $a(PQKBTitleCode)TC0000238885 035 $a(PQKBWorkID)10234485 035 $a(PQKB)10668588 035 $a(MiAaPQ)EBC3001753 035 $a(Au-PeEL)EBL3001753 035 $a(CaPaEBR)ebr10052850 035 $a(OCoLC)842965816 035 $a(EXLCZ)99111087027963252 100 $a20030922d2004 uy 0 101 0 $aeng 135 $aurcn||||||||| 181 $ctxt 182 $cc 183 $acr 200 10$aRoadmap to entrepreneurial success$b[electronic resource] $epowerful strategies for building a high-profit business /$fRobert W. Price 210 $aNew York $cAmerican Management Association$dc2004 215 $a1 online resource (304 p.) 300 $aBibliographic Level Mode of Issuance: Monograph 311 $a0-8144-7190-0 320 $aIncludes bibliographical references and index. 606 $aEntrepreneurship 606 $aNew business enterprises$xManagement 608 $aElectronic books. 615 0$aEntrepreneurship. 615 0$aNew business enterprises$xManagement. 676 $a658.4/21 700 $aPrice$b Robert W.$f1962-$0975896 801 0$bMiAaPQ 801 1$bMiAaPQ 801 2$bMiAaPQ 906 $aBOOK 912 $a9910455510703321 996 $aRoadmap to entrepreneurial success$92222302 997 $aUNINA LEADER 00766nam0-2200253 --450 001 9910560299603321 005 20220503121632.0 010 $a9781107025615 100 $a20220503d2018----kmuy0itay5050 ba 101 0 $aeng 102 $aGB 105 $ay 001yy 200 1 $a<>global evolution of clinical legal education$emore than a method$fRichard J. Wilson 210 $aCambridge$cCambridge University press$d2018 215 $axii, 348 p.$d24 cm 676 $a340.071$v23$zita 700 1$aWilson,$bRichard J.$01221940 801 0$aIT$bUNINA$gREICAT$2UNIMARC 901 $aBK 912 $a9910560299603321 952 $aIX B 336$b2020/533$fFGBC 959 $aFGBC 996 $aGlobal evolution of clinical legal education$92833660 997 $aUNINA